000 00663nam a2200253Ia 4500
008 190123s9999 xx 000 0 und d
020 _a9780590745154
050 _bH515 1994
100 _aHennessy, B.G.
245 0 _aB.G. Hennessy ; pictures by Simms Taback.
245 0 _cby B.G. Hennessy ; pictures by Simms Taback.
260 _aNew York, New York :
260 _bScholastic,
260 _c1994
300 _aunpaged :
300 _bcolored illustrations ;
300 _c27cm.
500 _a760L
650 _aRoad machinery.
650 _aRoads --
650 _xDesign and construction.
700 _aTaback, Simms.
700 _aTitle.
999 _c361125
_d361125